Word Chain - Canada - Statistics

General Stats
  • This quiz has been taken 55 times
    41 since last reset
  • The average score is 14 of 22
Answer Stats
Hint Answer % Correct
Biggest city in Quebec Montreal
85%
Largest ocean bay Hudson
80%
Western mountain range Rockies
80%
The R in RCMP Royal
80%
Largest Great Lake Superior
80%
Canadian fast food restaurant: ___ Hortons Tim
80%
Term for Inuit Eskimo
75%
Danish territory closer to Canada than to any other country Greenland
75%
Newest territory Nunavut
73%
Mackenzie or St. Lawrence, for example River
73%
Edmonton's NHL team Oilers
70%
Common activity in Whistler Skiing
70%
Region in Newfoundland Labrador
68%
Town known for its waterfalls Niagara
68%
Name for one dollar coin Loonie
63%
Rodeo held in Calgary Stampede
58%
Current head of state of Canada Elizabeth
55%
Toronto's CFL team, also band of heroes in Greek mythology Argonauts
53%
Ontarian city known for steel production Hamilton
35%
Canada's third largest island Ellesmere
33%
Canadian rock band formed in Toronto Rush
28%
Albertan town known for dinosaur bones Drumheller
10%
No matching quizzes found
Score Distribution
Percent of People with Each Score
Percentile by Number Answered
Your Score History
You have not taken this quiz since the last reset